| 000 -LEADER |
| fixed length control field |
00916cam a22002294a 4500 |
| 020 ## - INTERNATIONAL STANDARD BOOK NUMBER |
| ISBN |
9781264285846 |
| 020 ## - INTERNATIONAL STANDARD BOOK NUMBER |
| ISBN |
1264285841 |
| 082 00 - DEWEY DECIMAL CLASSIFICATION NUMBER |
| Classification number |
616 |
| Item number |
H3232 2022 |
| 245 00 - TITLE STATEMENT |
| Title |
Harrison's principles of internal medicine / editors, Joseph Loscalzo, MD, PhD, Dennis L. Kasper, MD, Dan L. Longo, MD, Anthony S. Fauci, MD, Stephen L. Hauser, MD, J. Larry Jameson, MD, PhD. |
| 250 ## - EDITION STATEMENT |
| Edition statement |
21st edition. |
| 260 ## - PUBLICATION, DISTRIBUTION, ETC. (IMPRINT) |
| Place of publication |
New York : |
| Name of publisher |
McGraw-Hill LLC, |
| Year of publication |
©2022. |
| 300 ## - PHYSICAL DESCRIPTION |
| Number of Pages |
2 volumes (1796, I-211 pages) : |
| Other physical details |
illustrations (some color) ; 29 cm. |
| 500 ## - GENERAL NOTE |
| General note |
Includes bibliographical references and index. |
| 650 #0 - SUBJECT ADDED ENTRY--TOPICAL TERM |
| Topical Term |
Internal medicine. |
| 700 1# - ADDED ENTRY--PERSONAL NAME |
| Personal name |
Jameson, J. Larry, editor. |
| 700 1# - ADDED ENTRY--PERSONAL NAME |
| Personal name |
Kasper, Dennis L., editor. |
| 700 1# - ADDED ENTRY--PERSONAL NAME |
| Personal name |
Longo, Dan L. (Dan Louis), 1949- editor. |
| 700 1# - ADDED ENTRY--PERSONAL NAME |
| Personal name |
Fauci, Anthony S., 1940- editor. |
| 700 1# - ADDED ENTRY--PERSONAL NAME |
| Personal name |
Hauser, Stephen L., editor. |
| 700 1# - ADDED ENTRY--PERSONAL NAME |
| Personal name |
Loscalzo, Joseph, editor. |
| 942 ## - ADDED ENTRY ELEMENTS (KOHA) |
| Koha item type |
Books |